| Tag |
First Indicator |
Second Indicator |
Subfields |
| LEADER |
00000cam a2200000 a 4500 |
| 001 |
in00001404911 |
| 005 |
20151020064047.0 |
| 008 |
960506s1997 mau c 000 1 eng |
| 010 |
|
|
|a 96019895
|
| 020 |
|
|
|a 0316789070
|
| 035 |
|
|
|a (OCoLC)34876109
|
| 035 |
|
|
|9 AHP4419AM
|
| 040 |
|
|
|a DLC
|c DLC
|d TXA
|d UtOrBLW
|
| 049 |
|
|
|a TXAM
|
| 050 |
0 |
0 |
|a PZ7.S55987
|b Dap 1997
|
| 082 |
0 |
0 |
|a [Fic]
|2 20
|
| 100 |
1 |
|
|a Shusterman, Neal.
|
| 245 |
1 |
4 |
|a The dark side of nowhere :
|b a novel /
|c by Neal Shusterman.
|
| 250 |
|
|
|a 1st ed.
|
| 264 |
|
1 |
|a Boston :
|b Little, Brown,
|c [1997]
|
| 264 |
|
4 |
|c ©1997
|
| 300 |
|
|
|a 185 pages ;
|c 22 cm.
|
| 336 |
|
|
|a text
|b txt
|2 rdacontent
|
| 337 |
|
|
|a unmediated
|b n
|2 rdamedia
|
| 338 |
|
|
|a volume
|b nc
|2 rdacarrier
|
| 520 |
|
|
|a Fourteen-year-old Jason faces an identity crisis after discovering that he is the son of aliens who stayed on earth following a botched invasion mission.
|
| 650 |
|
1 |
|a Extraterrestrial beings
|x Fiction.
|
| 650 |
|
0 |
|a Identity (Philosophical concept)
|v Fiction.
|
| 650 |
|
1 |
|a Science fiction.
|
| 948 |
|
|
|a c:ce
|
| 999 |
|
|
|a MARS
|
| 999 |
f |
f |
|s ce42a897-393e-3b8f-af3b-74fb78e43d74
|i 33f764d2-4a29-3d00-a3d1-7469e9f087d4
|t 0
|
| 952 |
f |
f |
|p ric
|a Texas A&M University
|b Rellis Campus
|c Joint Library Facility
|d Remote Storage
|t 0
|e PZ7.S55987 Dap 1997
|h Library of Congress classification
|i unmediated -- volume
|m A14823314108
|
| 998 |
f |
f |
|a PZ7.S55987 Dap 1997
|t 0
|l Remote Storage
|